Бизнес-планирование как необходимый элемент эффективной деятельности предприятия на рынке на примере открытия салонного бизнеса; Прогрессивные технологии и экономика в машиностроении

Bibliographische Detailangaben
Parent link:Прогрессивные технологии и экономика в машиностроении.— 2014.— [С. 254-256]
1. Verfasser: Бакулина А. С.
Körperschaft: Национальный исследовательский Томский политехнический университет (ТПУ) Юргинский технологический институт (филиал) (ЮТИ) Кафедра экономики и автоматизироанных систем управления (ЭАСУ)
Weitere Verfasser: Трифонов В. А. Владимир Александрович (научный руководитель)
Zusammenfassung:Заглавие с экрана
Sprache:Russisch
Veröffentlicht: 2014
Schriftenreihe:Экономика, менеджмент и маркетинг на предприятии
Schlagworte:
Online-Zugang:http://earchive.tpu.ru/handle/11683/73674
Format: Elektronisch Buchkapitel
KOHA link:https://koha.lib.tpu.ru/cgi-bin/koha/opac-detail.pl?biblionumber=614735

MARC

LEADER 00000naa2a2200000 4500
001 614735
005 20231102023513.0
035 |a (RuTPU)RU\TPU\conf\12905 
035 |a RU\TPU\conf\12904 
090 |a 614735 
100 |a 20151012d2014 k y0rusy50 ca 
101 0 |a rus  |g rus 
102 |a RU 
105 |a y z 100zy 
135 |a drgn ---uucaa 
181 0 |a i  
182 0 |a b 
200 1 |a Бизнес-планирование как необходимый элемент эффективной деятельности предприятия на рынке на примере открытия салонного бизнеса  |f А. С. Бакулина  |g науч. рук. В. А. Трифонов 
203 |a Текст  |c электронный 
215 |a 1 файл(283 Кб) 
225 1 |a Экономика, менеджмент и маркетинг на предприятии 
230 |a Электронные текстовые данные (1 файл: 283 Кб) 
300 |a Заглавие с экрана 
320 |a [Библиогр.: с. 256 (4 назв.)] 
337 |a Adobe Reader 
463 1 |0 (RuTPU)RU\TPU\conf\11902  |t Прогрессивные технологии и экономика в машиностроении  |o сборник трудов V Всероссийской научно-практической конференции для студентов и учащейся молодежи, 3-5 апреля 2014 г. Юрга  |f Национальный исследовательский Томский политехнический университет (ТПУ), Юргинский технологический институт (ЮТИ) ; отв. ред. Д. А. Чинахов  |v [С. 254-256]  |d 2014 
610 1 |a электронный ресурс 
610 1 |a труды учёных ТПУ 
610 1 |a бизнес-планирование 
610 1 |a деятельность 
610 1 |a предприятия 
610 1 |a рынок 
610 1 |a бизнес 
610 1 |a салонный бизнес 
700 1 |a Бакулина  |b А. С. 
702 1 |a Трифонов  |b В. А.  |c экономист  |c доцент Юргинского технологического института Томского политехнического университета, кандидат экономических наук  |f 1964-  |g Владимир Александрович  |2 stltpush  |4 727  |9 15978 
712 0 2 |a Национальный исследовательский Томский политехнический университет (ТПУ)  |b Юргинский технологический институт (филиал) (ЮТИ)  |b Кафедра экономики и автоматизироанных систем управления (ЭАСУ)  |h 360  |2 stltpush  |3 (RuTPU)RU\TPU\col\18900 
801 1 |a RU  |b 63413507  |c 20101016 
801 2 |a RU  |b 63413507  |c 20221102  |g RCR 
856 4 |u http://earchive.tpu.ru/handle/11683/73674 
942 |c BK